000 00750cab a2200229 4500
001 ABS51887
008 090401t1994 xxu||||| |||| 00| 0 eng d
035 _a(Sirsi) u48871
041 _aeng
100 _aStewart, A.
245 _aWest Midlands: second city first
260 _c1994
350 _a0
490 _aBuilding Market Report
_vDecember 1994, 8-9(2)
520 _aA regional focus on the West Midlands, highlighting a survey from the Builders Merchants Federation that indicates material sales have increased faster in this region than elsewhere in the UK.
650 _aCONSTRUCTION MARKET
650 _aINFRASTRUCTURE MARKET
650 _aWEST MIDLANDS
690 _aBUILT ENVIRONMENT
942 _n0
948 _c04/03/1997
999 _c30677
_d30677